| 000 | 00342nam a22001457a 4500 | ||
|---|---|---|---|
| 003 | OSt | ||
| 005 | 20220216102534.0 | ||
| 008 | 220216b |||||||| |||| 00| 0 eng d | ||
| 020 | _a0340543795 | ||
| 040 | _cH U | ||
| 082 |
_23rd _a629.8 |
||
| 100 |
_aSchwarzenbach J. _930653 |
||
| 245 | _aSystem Modelling And Control | ||
| 942 |
_2ddc _cBOOKS _n0 |
||
| 999 |
_c30544 _d30544 |
||